[Event "Otvoreno prvenstvo Paraæina za 2012. god"]
[Site "DCK - Paraæin"]
[Date "2012.01.27"]
[Round "6.13"]
[White "Antic, Nenad"]
[Black "Antonijevic, Milutin"]
[Result "1-0"]
[WhiteElo "2066"]
[BlackElo "1802"]
[PlyCount "105"]
[EventDate "2012.01.20"]

1. d4 {[%emt 0:00:00]} Nf6 {[%emt 0:00:00]} 2. c4 {[%emt 0:00:00]} e6 {[%emt 0:
00:00]} 3. a3 {[%emt 0:00:00]} c5 {[%emt 0:00:00]} 4. e3 {[%emt 0:00:00]} d5 {
[%emt 0:00:00]} 5. Nc3 {[%emt 0:00:00]} cxd4 {[%emt 0:00:00]} 6. exd4 {[%emt 0:
00:00]} dxc4 {[%emt 0:00:00]} 7. Bxc4 {[%emt 0:00:00]} Be7 {[%emt 0:00:00]} 8.
Nf3 {[%emt 0:00:00]} a6 {[%emt 0:00:00]} 9. O-O {[%emt 0:00:00]} b5 {[%emt 0:
00:00]} 10. Ba2 {[%emt 0:00:00]} Bb7 {[%emt 0:00:00]} 11. Re1 {[%emt 0:00:00]}
O-O {[%emt 0:00:00]} 12. Ne5 {[%emt 0:00:00]} Nc6 {[%emt 0:00:00]} 13. Be3 {
[%emt 0:00:00]} Nxe5 {[%emt 0:00:00]} 14. dxe5 {[%emt 0:00:00]} Ne4 {[%emt 0:
00:00]} 15. Qxd8 {[%emt 0:00:00]} Bxd8 {[%emt 0:00:00]} 16. Nxe4 {[%emt 0:00:
00]} Bxe4 {[%emt 0:00:00]} 17. Bc5 {[%emt 0:00:00]} Bb7 {[%emt 0:00:00]} 18.
Bxf8 {[%emt 0:00:00]} Kxf8 {[%emt 0:00:00]} 19. Rac1 {[%emt 0:00:00]} Bb6 {
[%emt 0:00:00]} 20. Red1 {[%emt 0:00:00]} Ke7 {[%emt 0:00:00]} 21. Rd6 {[%emt
0:00:00]} Bd8 {[%emt 0:00:00]} 22. Rcd1 {[%emt 0:00:00]} Ke8 {[%emt 0:00:00]}
23. Rc1 {[%emt 0:00:00]} Bc8 {[%emt 0:00:00]} 24. Bb1 {[%emt 0:00:00]} g6 {
[%emt 0:00:00]} 25. Be4 {[%emt 0:00:00]} Rb8 {[%emt 0:00:00]} 26. Bc6+ {[%emt
0:00:00]} Ke7 {[%emt 0:00:00]} 27. Rcd1 {[%emt 0:00:00]} Bb6 {[%emt 0:00:00]}
28. Bd7 {[%emt 0:00:00]} Bc5 {[%emt 0:00:00]} 29. Bxc8 {[%emt 0:00:00]} Rxc8 {
[%emt 0:00:00]} 30. Rd7+ {[%emt 0:00:00]} Ke8 {[%emt 0:00:00]} 31. b4 {[%emt 0:
00:00]} Bb6 {[%emt 0:00:00]} 32. Rb7 {[%emt 0:00:00]} Bd4 {[%emt 0:00:00]} 33.
g3 {[%emt 0:00:00]} Bxe5 {[%emt 0:00:00]} 34. Rdd7 {[%emt 0:00:00]} Rc4 {[%emt
0:00:00]} 35. Kg2 {[%emt 0:00:00]} Rc2 {[%emt 0:00:00]} 36. Re7+ {[%emt 0:00:
00]} Kf8 {[%emt 0:00:00]} 37. Rxf7+ {[%emt 0:00:00]} Kg8 {[%emt 0:00:00]} 38.
Rfd7 {[%emt 0:00:00]} Rc8 {[%emt 0:00:00]} 39. Rb6 {[%emt 0:00:00]} Ra8 {[%emt
0:00:00]} 40. Rxe6 {[%emt 0:00:00]} Bb2 {[%emt 0:00:00]} 41. Re3 {[%emt 0:00:
00]} a5 {[%emt 0:00:00]} 42. Rb3 {[%emt 0:00:00]} Bf6 {[%emt 0:00:00]} 43. Rb7
{[%emt 0:00:00]} a4 {[%emt 0:00:00]} 44. Rf3 {[%emt 0:00:00]} Bb2 {[%emt 0:00:
00]} 45. Rxb5 {[%emt 0:00:00]} Rd8 {[%emt 0:00:00]} 46. Ra5 {[%emt 0:00:00]}
Rd1 {[%emt 0:00:00]} 47. Rxa4 {[%emt 0:00:00]} Kg7 {[%emt 0:00:00]} 48. Ra7+ {
[%emt 0:00:00]} Kh6 {[%emt 0:00:00]} 49. Rff7 {[%emt 0:00:00]} Ra1 {[%emt 0:00:
00]} 50. h4 {[%emt 0:00:00]} Kh5 {[%emt 0:00:00]} 51. Rxh7+ {[%emt 0:00:00]}
Kg4 {[%emt 0:00:00]} 52. Raf7 {[%emt 0:00:00]} Rxa3 {[%emt 0:00:00]} 53. Rf4# {
[%emt 0:00:00]} 1-0

[Event "Otvoreno prvenstvo Paraæina za 2012. god"]
[Site "DCK - Paraæin"]
[Date "2012.01.27"]
[Round "6.14"]
[White "Lazovic, Bozidar"]
[Black "Radovic, Janko"]
[Result "0-1"]
[WhiteElo "1779"]
[BlackElo "2033"]
[PlyCount "68"]
[EventDate "2012.01.20"]

1. d4 {[%emt 0:00:00]} Nf6 {[%emt 0:00:00]} 2. Bf4 {[%emt 0:00:00]} g6 {[%emt
0:00:00]} 3. e3 {[%emt 0:00:00]} Bg7 {[%emt 0:00:00]} 4. Bd3 {[%emt 0:00:00]}
d5 {[%emt 0:00:00]} 5. Nd2 {[%emt 0:00:00]} O-O {[%emt 0:00:00]} 6. Ngf3 {
[%emt 0:00:00]} c5 {[%emt 0:00:00]} 7. c3 {[%emt 0:00:00]} Nc6 {[%emt 0:00:00]}
8. O-O {[%emt 0:00:00]} Nd7 {[%emt 0:00:00]} 9. Re1 {[%emt 0:00:00]} Qb6 {
[%emt 0:00:00]} 10. Rb1 {[%emt 0:00:00]} Re8 {[%emt 0:00:00]} 11. Bc2 {[%emt 0:
00:00]} Nf8 {[%emt 0:00:00]} 12. dxc5 {[%emt 0:00:00]} Qxc5 {[%emt 0:00:00]}
13. Nb3 {[%emt 0:00:00]} Qb5 {[%emt 0:00:00]} 14. e4 {[%emt 0:00:00]} dxe4 {
[%emt 0:00:00]} 15. Bxe4 {[%emt 0:00:00]} e5 {[%emt 0:00:00]} 16. Bxc6 {[%emt
0:00:00]} bxc6 {[%emt 0:00:00]} 17. Be3 {[%emt 0:00:00]} Bf5 {[%emt 0:00:00]}
18. Ra1 {[%emt 0:00:00]} Rad8 {[%emt 0:00:00]} 19. Qc1 {[%emt 0:00:00]} Ne6 {
[%emt 0:00:00]} 20. Bh6 {[%emt 0:00:00]} a5 {[%emt 0:00:00]} 21. c4 {[%emt 0:
00:00]} Bxh6 {[%emt 0:00:00]} 22. Qxh6 {[%emt 0:00:00]} Qxc4 {[%emt 0:00:00]}
23. Nxe5 {[%emt 0:00:00]} Qd5 {[%emt 0:00:00]} 24. Nf3 {[%emt 0:00:00]} a4 {
[%emt 0:00:00]} 25. Nbd2 {[%emt 0:00:00]} Qd6 {[%emt 0:00:00]} 26. Nc4 {[%emt
0:00:00]} Qf4 {[%emt 0:00:00]} 27. Qxf4 {[%emt 0:00:00]} Nxf4 {[%emt 0:00:00]}
28. Nfe5 {[%emt 0:00:00]} Rd4 {[%emt 0:00:00]} 29. Rad1 {[%emt 0:00:00]} c5 {
[%emt 0:00:00]} 30. Rxd4 {[%emt 0:00:00]} cxd4 {[%emt 0:00:00]} 31. Nf3 {[%emt
0:00:00]} Ne2+ {[%emt 0:00:00]} 32. Kh1 {[%emt 0:00:00]} Bg4 {[%emt 0:00:00]}
33. Nfe5 {[%emt 0:00:00]} Nf4 {[%emt 0:00:00]} 34. h3 {[%emt 0:00:00]} Be6 {
[%emt 0:00:00]} 0-1

[Event "Otvoreno prvenstvo Paraæina za 2012. god"]
[Site "DCK - Paraæin"]
[Date "2012.01.27"]
[Round "6.15"]
[White "Tosic, Dragoljub"]
[Black "Stefanovic, Rade"]
[Result "1-0"]
[WhiteElo "1997"]
[BlackElo "1657"]
[PlyCount "81"]
[EventDate "2012.01.20"]

1. d4 {[%emt 0:00:00]} Nf6 {[%emt 0:00:00]} 2. Nf3 {[%emt 0:00:00]} e6 {[%emt
0:00:00]} 3. c4 {[%emt 0:00:00]} d5 {[%emt 0:00:00]} 4. g3 {[%emt 0:00:00]} g6
{[%emt 0:00:00]} 5. Bg2 {[%emt 0:00:00]} c6 {[%emt 0:00:00]} 6. O-O {[%emt 0:
00:00]} Bg7 {[%emt 0:00:00]} 7. Qb3 {[%emt 0:00:00]} O-O {[%emt 0:00:00]} 8.
Rd1 {[%emt 0:00:00]} Nbd7 {[%emt 0:00:00]} 9. Nc3 {[%emt 0:00:00]} a6 {[%emt 0:
00:00]} 10. c5 {[%emt 0:00:00]} b5 {[%emt 0:00:00]} 11. cxb6 {[%emt 0:00:00]}
Qxb6 {[%emt 0:00:00]} 12. Qc2 {[%emt 0:00:00]} Bb7 {[%emt 0:00:00]} 13. b3 {
[%emt 0:00:00]} Rac8 {[%emt 0:00:00]} 14. Ba3 {[%emt 0:00:00]} Rfe8 {[%emt 0:
00:00]} 15. Rac1 {[%emt 0:00:00]} Bf8 {[%emt 0:00:00]} 16. Bxf8 {[%emt 0:00:00]
} Kxf8 {[%emt 0:00:00]} 17. Na4 {[%emt 0:00:00]} Qa7 {[%emt 0:00:00]} 18. Qd2 {
[%emt 0:00:00]} Kg7 {[%emt 0:00:00]} 19. Ne5 {[%emt 0:00:00]} h6 {[%emt 0:00:
00]} 20. Nc5 {[%emt 0:00:00]} Re7 {[%emt 0:00:00]} 21. Qb4 {[%emt 0:00:00]}
Nxc5 {[%emt 0:00:00]} 22. Rxc5 {[%emt 0:00:00]} Rec7 {[%emt 0:00:00]} 23. Rdc1
{[%emt 0:00:00]} Nd7 {[%emt 0:00:00]} 24. Nxd7 {[%emt 0:00:00]} Rxd7 {[%emt 0:
00:00]} 25. f4 {[%emt 0:00:00]} f5 {[%emt 0:00:00]} 26. h3 {[%emt 0:00:00]} h5
{[%emt 0:00:00]} 27. Kf2 {[%emt 0:00:00]} Rb8 {[%emt 0:00:00]} 28. Qa3 {[%emt
0:00:00]} Ba8 {[%emt 0:00:00]} 29. e3 {[%emt 0:00:00]} Rb5 {[%emt 0:00:00]} 30.
Bf1 {[%emt 0:00:00]} Rxc5 {[%emt 0:00:00]} 31. Rxc5 {[%emt 0:00:00]} Bb7 {
[%emt 0:00:00]} 32. Ra5 {[%emt 0:00:00]} Qb6 {[%emt 0:00:00]} 33. Bxa6 {[%emt
0:00:00]} Bxa6 {[%emt 0:00:00]} 34. Rxa6 {[%emt 0:00:00]} Qb5 {[%emt 0:00:00]}
35. Ra8 {[%emt 0:00:00]} Rf7 {[%emt 0:00:00]} 36. Qd6 {[%emt 0:00:00]} Qb7 {
[%emt 0:00:00]} 37. Qd8 {[%emt 0:00:00]} g5 {[%emt 0:00:00]} 38. fxg5 {[%emt 0:
00:00]} Kg6 {[%emt 0:00:00]} 39. h4 {[%emt 0:00:00]} Qb4 {[%emt 0:00:00]} 40.
Qg8+ {[%emt 0:00:00]} Rg7 {[%emt 0:00:00]} 41. Qxe6+ {[%emt 0:00:00]} 1-0

[Event "Otvoreno prvenstvo Paraæina za 2012. god"]
[Site "DCK - Paraæin"]
[Date "2012.01.27"]
[Round "6.16"]
[White "Radovic, Luka"]
[Black "Rakic, Ognjan"]
[Result "1-0"]
[WhiteElo "1969"]
[BlackElo "1762"]
[PlyCount "83"]
[EventDate "2012.01.20"]

1. Nf3 {[%emt 0:00:00]} e6 {[%emt 0:00:00]} 2. g3 {[%emt 0:00:00]} d5 {[%emt 0:
00:00]} 3. c4 {[%emt 0:00:00]} c6 {[%emt 0:00:00]} 4. b3 {[%emt 0:00:00]} Nf6 {
[%emt 0:00:00]} 5. Bg2 {[%emt 0:00:00]} Be7 {[%emt 0:00:00]} 6. O-O {[%emt 0:
00:00]} Nbd7 {[%emt 0:00:00]} 7. Bb2 {[%emt 0:00:00]} O-O {[%emt 0:00:00]} 8.
d3 {[%emt 0:00:00]} Ne8 {[%emt 0:00:00]} 9. Nbd2 {[%emt 0:00:00]} Bf6 {[%emt 0:
00:00]} 10. Qc2 {[%emt 0:00:00]} Bxb2 {[%emt 0:00:00]} 11. Qxb2 {[%emt 0:00:00]
} Qf6 {[%emt 0:00:00]} 12. Qxf6 {[%emt 0:00:00]} Ndxf6 {[%emt 0:00:00]} 13. e4
{[%emt 0:00:00]} Nc7 {[%emt 0:00:00]} 14. Rfd1 {[%emt 0:00:00]} Nd7 {[%emt 0:
00:00]} 15. Rac1 {[%emt 0:00:00]} Nc5 {[%emt 0:00:00]} 16. cxd5 {[%emt 0:00:00]
} Nxd3 {[%emt 0:00:00]} 17. Rc3 {[%emt 0:00:00]} Nb4 {[%emt 0:00:00]} 18. a3 {
[%emt 0:00:00]} Nb5 {[%emt 0:00:00]} 19. Rc4 {[%emt 0:00:00]} Nd3 {[%emt 0:00:
00]} 20. a4 {[%emt 0:00:00]} Nb2 {[%emt 0:00:00]} 21. axb5 {[%emt 0:00:00]}
Nxd1 {[%emt 0:00:00]} 22. Rc1 {[%emt 0:00:00]} Nb2 {[%emt 0:00:00]} 23. Bf1 {
[%emt 0:00:00]} exd5 {[%emt 0:00:00]} 24. Rb1 {[%emt 0:00:00]} dxe4 {[%emt 0:
00:00]} 25. Nxe4 {[%emt 0:00:00]} Bf5 {[%emt 0:00:00]} 26. Nfd2 {[%emt 0:00:00]
} cxb5 {[%emt 0:00:00]} 27. Bxb5 {[%emt 0:00:00]} Rfd8 {[%emt 0:00:00]} 28.
Rxb2 {[%emt 0:00:00]} Bh3 {[%emt 0:00:00]} 29. f3 {[%emt 0:00:00]} Bd7 {[%emt
0:00:00]} 30. Bxd7 {[%emt 0:00:00]} Rxd7 {[%emt 0:00:00]} 31. Nc4 {[%emt 0:00:
00]} b5 {[%emt 0:00:00]} 32. Ncd6 {[%emt 0:00:00]} b4 {[%emt 0:00:00]} 33. Nc4
{[%emt 0:00:00]} Rad8 {[%emt 0:00:00]} 34. Kf2 {[%emt 0:00:00]} h6 {[%emt 0:00:
00]} 35. Rc2 {[%emt 0:00:00]} Rd3 {[%emt 0:00:00]} 36. Rd2 {[%emt 0:00:00]}
Rxd2+ {[%emt 0:00:00]} 37. Nexd2 {[%emt 0:00:00]} a5 {[%emt 0:00:00]} 38. Ne4 {
[%emt 0:00:00]} Ra8 {[%emt 0:00:00]} 39. Nc5 {[%emt 0:00:00]} Ra7 {[%emt 0:00:
00]} 40. Ke3 {[%emt 0:00:00]} Kf8 {[%emt 0:00:00]} 41. Ne5 {[%emt 0:00:00]} Ke7
{[%emt 0:00:00]} 42. Nc6+ {[%emt 0:00:00]} 1-0

[Event "Otvoreno prvenstvo Paraæina za 2012. god"]
[Site "DCK - Paraæin"]
[Date "2012.01.27"]
[Round "6.17"]
[White "Ivic, Matija"]
[Black "Stojkovic, Dragan D"]
[Result "1-0"]
[WhiteElo "1665"]
[BlackElo "1898"]
[PlyCount "121"]
[EventDate "2012.01.20"]

1. e4 {[%emt 0:00:00]} d6 2. d4 e6 3. Nf3 Be7 4. Bd3 Nc6 5. c3 b6 6. O-O a6 7.
Re1 Bb7 8. d5 Nb8 9. dxe6 fxe6 10. Bc4 d5 11. exd5 exd5 12. Bd3 Qd6 13. Ng5 Nd7
14. Re6 Ngf6 15. Rxd6 Bxd6 16. Qe2+ Kf8 17. Qe6 Ne5 18. Qh3 Re8 19. Bd2 Bc8 20.
Bf5 Bxf5 21. Qxf5 h6 22. Nf3 Kf7 23. Na3 g6 24. Nxe5+ Rxe5 25. Qf3 Rhe8 26. Kf1
Rf5 27. Qd3 Bxh2 28. Re1 Ne4 29. Rxe4 dxe4 30. Qc4+ Kg7 31. Be3 Bd6 32. Nc2 Kh7
33. Qxa6 Ref8 34. Qc4 Bg3 35. Qd4 c5 36. Qd2 g5 37. Ke1 Bc7 38. Qd7+ R5f7 39.
Qc6 Re7 40. Na3 Kg7 41. Nb5 Rf6 42. Qd5 Bf4 43. Qd2 Ref7 44. a4 g4 45. b4 g3
46. fxg3 Bxg3+ 47. Ke2 Rf2+ 48. Bxf2 Rxf2+ 49. Kd1 Rxd2+ 50. Kxd2 Bf4+ 51. Ke2
Kf6 52. bxc5 Ke6 53. cxb6 Kd7 54. a5 Kc6 55. Nd4+ Kb7 56. c4 Ka6 57. Ne6 Be5
58. Nd8 Bd6 59. Nc6 Kb7 60. Nd4 Ka6 61. Nb3 1-0

[Event "Otvoreno prvenstvo Paraæina za 2012. god"]
[Site "DCK - Paraæin"]
[Date "2012.01.27"]
[Round "6.19"]
[White "Miskovic, Lazar"]
[Black "Pavlovic, Slobodan Z"]
[Result "1/2-1/2"]
[WhiteElo "1621"]
[BlackElo "1823"]
[PlyCount "95"]
[EventDate "2012.01.20"]

1. e4 {[%emt 0:00:00]} e5 {[%emt 0:00:00]} 2. Nf3 {[%emt 0:00:00]} Nc6 {[%emt
0:00:00]} 3. Bb5 {[%emt 0:00:00]} a6 {[%emt 0:00:00]} 4. Ba4 {[%emt 0:00:00]}
Bc5 {[%emt 0:00:00]} 5. c3 {[%emt 0:00:00]} Nf6 {[%emt 0:00:00]} 6. O-O {[%emt
0:00:00]} d6 {[%emt 0:00:00]} 7. h3 {[%emt 0:00:00]} Bd7 {[%emt 0:00:00]} 8.
Re1 {[%emt 0:00:00]} h5 {[%emt 0:00:00]} 9. d4 {[%emt 0:00:00]} Ba7 {[%emt 0:
00:00]} 10. Nbd2 {[%emt 0:00:00]} exd4 {[%emt 0:00:00]} 11. e5 {[%emt 0:00:00]}
dxe5 {[%emt 0:00:00]} 12. Nxe5 {[%emt 0:00:00]} Nxe5 {[%emt 0:00:00]} 13. Rxe5+
{[%emt 0:00:00]} Kf8 {[%emt 0:00:00]} 14. Bb3 {[%emt 0:00:00]} dxc3 {[%emt 0:
00:00]} 15. bxc3 {[%emt 0:00:00]} Ng4 {[%emt 0:00:00]} 16. hxg4 {[%emt 0:00:00]
} hxg4 {[%emt 0:00:00]} 17. Nf3 {[%emt 0:00:00]} gxf3 {[%emt 0:00:00]} 18. Qxf3
{[%emt 0:00:00]} Qf6 {[%emt 0:00:00]} 19. Ba3+ {[%emt 0:00:00]} Kg8 {[%emt 0:
00:00]} 20. Qxf6 {[%emt 0:00:00]} gxf6 {[%emt 0:00:00]} 21. Re7 {[%emt 0:00:00]
} Be6 {[%emt 0:00:00]} 22. Bxe6 {[%emt 0:00:00]} fxe6 {[%emt 0:00:00]} 23. Rxe6
{[%emt 0:00:00]} Rh6 {[%emt 0:00:00]} 24. Rd1 {[%emt 0:00:00]} Kf7 {[%emt 0:00:
00]} 25. Re7+ {[%emt 0:00:00]} Kg6 {[%emt 0:00:00]} 26. Rxc7 {[%emt 0:00:00]}
Rah8 {[%emt 0:00:00]} 27. Kf1 {[%emt 0:00:00]} Rh1+ {[%emt 0:00:00]} 28. Ke2 {
[%emt 0:00:00]} Re8+ {[%emt 0:00:00]} 29. Re7 {[%emt 0:00:00]} Rxe7+ {[%emt 0:
00:00]} 30. Bxe7 {[%emt 0:00:00]} Rxd1 {[%emt 0:00:00]} 31. Kxd1 {[%emt 0:00:
00]} Bxf2 {[%emt 0:00:00]} 32. Ke2 {[%emt 0:00:00]} Bg3 {[%emt 0:00:00]} 33.
Kf3 {[%emt 0:00:00]} Bc7 {[%emt 0:00:00]} 34. Ke4 {[%emt 0:00:00]} Kf7 {[%emt
0:00:00]} 35. Bc5 {[%emt 0:00:00]} Ke6 {[%emt 0:00:00]} 36. g4 {[%emt 0:00:00]}
b5 {[%emt 0:00:00]} 37. Kd3 {[%emt 0:00:00]} Kd5 {[%emt 0:00:00]} 38. Bd4 {
[%emt 0:00:00]} Bd8 {[%emt 0:00:00]} 39. a4 {[%emt 0:00:00]} bxa4 {[%emt 0:00:
00]} 40. c4+ {[%emt 0:00:00]} Kc6 {[%emt 0:00:00]} 41. Kc3 {[%emt 0:00:00]} a3
{[%emt 0:00:00]} 42. Kb4 {[%emt 0:00:00]} Be7+ {[%emt 0:00:00]} 43. c5 {[%emt
0:00:00]} a5+ {[%emt 0:00:00]} 44. Kxa5 {[%emt 0:00:00]} Bxc5 {[%emt 0:00:00]}
45. Bxf6 {[%emt 0:00:00]} Kd5 {[%emt 0:00:00]} 46. Ka4 {[%emt 0:00:00]} Bd4 {
[%emt 0:00:00]} 47. Bxd4 {[%emt 0:00:00]} Kxd4 {[%emt 0:00:00]} 48. Kxa3 {
[%emt 0:00:00]} 1/2-1/2